මානව අයිතීන් හා කාන්තා අයිතීන් = மனித உரிமைகள் மற்றும் பெண்கள் உரிமைகள் = Women's rights as Human rights (Record no. 4380)

MARC details
000 -LEADER
fixed length control field 00896nam a2200181 4500
003 - CONTROL NUMBER IDENTIFIER
control field LK-CoMWRAF
005 - DATE AND TIME OF LATEST TRANSACTION
control field 20240118105815.0
008 - FIXED-LENGTH DATA ELEMENTS--GENERAL INFORMATION
fixed length control field 231213b |||||||| |||| 00| 0 eng d
040 ## - CATALOGING SOURCE
Original cataloging agency LK-CoMWRAF
Modifying agency LK-CoMWRAF
Description conventions LK-CoMWRAF
041 ## - LANGUAGE CODE
Language code of text/sound track or separate title Sinhala; Sinhalese
-- Tamil
-- English
082 ## - DEWEY DECIMAL CLASSIFICATION NUMBER
Classification number 305.42
Item number MAN
942 ## - ADDED ENTRY ELEMENTS (KOHA)
Koha item type Books
245 ## - TITLE STATEMENT
Title මානව අයිතීන් හා කාන්තා අයිතීන් = மனித உரிமைகள் மற்றும் பெண்கள் உரிமைகள் = Women's rights as Human rights
246 ## - VARYING FORM OF TITLE
Title proper/short title manawa aitheen ha kantha aitheen = Maṉita urimaikaḷ maṟṟum peṇkaḷ urimaikaḷ = manawa aitheen ha kantha aitheen
300 ## - PHYSICAL DESCRIPTION
Extent මරදාන :
Other physical details සමාජය හා සමාජයික කේන්ද්‍ර‍ය,
Dimensions 1993
650 ## - SUBJECT ADDED ENTRY--TOPICAL TERM
Topical term or geographic name as entry element මානව අයිතීන්
650 ## - SUBJECT ADDED ENTRY--TOPICAL TERM
Topical term or geographic name as entry element කාන්තා අයිතීන්
Holdings
Withdrawn status Lost status Damaged status Not for loan Permanent Location Current Location Date acquired Full call number Barcode Koha item type
        Resource center, Muslim Women's Research And Action Forum Resource center, Muslim Women's Research And Action Forum 2023-12-13 305.42 MAN RAF3438 Books
        Resource center, Muslim Women's Research And Action Forum Resource center, Muslim Women's Research And Action Forum 2023-12-13 305.42 MAN RAF3439 Books
        Resource center, Muslim Women's Research And Action Forum Resource center, Muslim Women's Research And Action Forum 2023-12-13 305.42 MAN RAF3440 Books

Copyright © 2023 Muslim Women's Research and Action Forum (MWRAF), No 27/3, Anderson Road, Kalubowila, Dehiwela. Funded by The Asia Fundation